Protejamos nuestra madre tierra (Registro nro. 5955)
[ vista simple ]
| 000 -CABECERA | |
|---|---|
| Campo de control | 00764nam a2200205 a 4500 |
| 005 - FECHA Y HORA DE LA ULTIMA TRANSACCION | |
| Campo de control | 20170421020002.0 |
| 008 - ELEMENTOS DE LONGITUD FIJA—INFORMACION GENERAL | |
| Campo de control | 151210b2006 ck |||||r|||| 00| 0 spa d |
| 040 ## - FUENTE DE CATALOGACIÓN | |
| Agencia catalogadora original | CO-BoIAVH |
| Agencia transcriptora | CO-BoIAVH |
| 041 0# - IDIOMA | |
| Código de idioma para texto/pista de sonido o título separado | Español |
| 044 ## - PAÍS DE PUBLICACIÓN | |
| País de publicación | Colombia |
| 090 ## - CLASIFICACIÓN LOCAL | |
| Colección | FG- |
| Consecutivo | 0016 |
| 100 1# - ASIENTO PRINCIPAL--NOMBRE PERSONAL | |
| Nombre personal | Mompotes, Claudia Ximena |
| 9 (RLIN) | 43928 |
| 245 10 - MENCION DE TITULO | |
| Título | Protejamos nuestra madre tierra |
| Parte restante del título | kiwe' Kwe'sx uma' ew ipe'jeka |
| 260 ## - PUBLICACION, DISTRIBUCION, ETC. (PIE DE IMPRENTA) | |
| Lugar de publicación, distribución, etc. | Valle del Cauca : |
| Nombre del editor, distribuidor, etc. | CRIC : |
| -- | CRC, |
| Fecha de publicación, distribución, etc. | 2006. |
| 300 ## - DESCRIPCION FISICA | |
| Extensión | 32 páginas : |
| Otros detalles físicos | ilustraciones, fotografías a color ; |
| Dimensiones | 23 x 17 cm. |
| 504 ## - NOTA DE BIBLIOGRAFIA, ETC. | |
| Nota de bibliografía | Incluye referencias bibliográficas. |
| 650 #6 - ASIENTO SECUNDARIO DE MATERIA - TERMINO TEMATICO | |
| Término temático o nombre geográfico como elemento de entrada | Uso del suelo |
| Subdivisión general | Comunidades |
| Subdivisión geográfica | Valle del Cauca (Departamento, Colombia) |
| 9 (RLIN) | 44116 |
| 650 #4 - ASIENTO SECUNDARIO DE MATERIA - TERMINO TEMATICO | |
| Término temático o nombre geográfico como elemento de entrada | Comunidades indígenas |
| Subdivisión geográfica | Valle del Cauca (Departamento, Colombia) |
| 9 (RLIN) | 44117 |
| 942 ## - ELEMENTOS ADICIONALES (KOHA) | |
| Tipo de ítem | Libro |
| Sistema de clasificación | Dewey Decimal Classification |
| Koha issues (borrowed), all copies | 1 |
| Withdrawn status | Lost status | Sistema de Clasificación | Damaged status | No para préstamo | Colección | Inventariado | Ubicación Permanente | Ubicación actual | Fecha de adquisición | Total Checkouts | Número topográfico | Inventario / Código de Barras | Date last seen | Date checked out | Ejemplar | Price effective from | Forma de adquisición | Tipo de material |
|---|---|---|---|---|---|---|---|---|---|---|---|---|---|---|---|---|---|---|
| Local | Hemeroteca | Inventariado 2017 | Bogotá | Bogotá | 23/11/2007 | 1 | FG-0016 | 025510 | 06/07/2017 | 20/04/2017 | Ej.1 | 04/12/2012 | Folleto |